[Event "Hofheim Spring op-B 7th"]
[Site "Hofheim"]
[Date "2019.04.25"]
[Round "4"]
[White "Schwarz, Eduard"]
[Black "Lehnert, Michael"]
[Result "1-0"]
[WhiteElo "1914"]
[BlackElo "1892"]
[PlyCount "57"]
[EventDate "2019.04.23"]
[EventType "swiss"]
[EventRounds "9"]
[EventCountry "GER"]
[SourceTitle "CBM 190 Extra"]
[Source "ChessBase"]
[SourceDate "2019.07.15"]
[SourceVersion "1"]
[SourceVersionDate "2019.07.15"]
[SourceQuality "1"]

1. Nf3 b6 2. d4 Bb7 3. c4 e6 4. Nc3 d6 5. e4 Nd7 6. Bd3 g6 7. Bg5 f6 8. Bh4 Ne7 9. Qe2 h5 10. e5 dxe5 11. Nxe5 Nxe5 12. dxe5 f5 13. Bf6 Rg8 14. 0-0-0 Qc8 15. Bc2 Bh6+ 16. Kb1 Kf7 17. f3 Bg7 18. Bg5 a6 19. Ba4 c6 20. Rd6 Re8 21. Rhd1 Bf8 22. g4 hxg4 23. fxg4 Ng8 24. Rd7+ Be7 25. gxf5 exf5 26. Qe3 c5 27. e6+ Kg7 28. Qe5+ Kf8 29. Qh8 1-0

[Event "Hofheim Spring op-B 6th"]
[Site "Hofheim"]
[Date "2018.04.04"]
[Round "3"]
[White "Sever, Mustafa Batuhan"]
[Black "Schwarz, Eduard"]
[Result "1-0"]
[WhiteElo "1838"]
[BlackElo "1991"]
[PlyCount "113"]
[EventDate "2018.04.03"]
[EventType "swiss"]
[EventRounds "9"]
[EventCountry "GER"]
[SourceTitle "EXT 2020"]
[Source "ChessBase"]
[SourceDate "2019.10.17"]
[SourceVersion "1"]
[SourceVersionDate "2019.10.17"]
[SourceQuality "1"]

1. e4 e5 2. Nf3 Nc6 3. Bc4 Nf6 4. d3 Bc5 5. c3 a6 6. 0-0 d6 7. Bb3 Ba7 8. Nbd2 Bg4 9. h3 Be6 10. Bc2 h6 11. Re1 g5 12. Nf1 g4 13. hxg4 Nxg4 14. Be3 Nxe3 15. Nxe3 Qf6 16. d4 exd4 17. Nd5 Bxd5 18. exd5+ Ne7 19. Qe2 dxc3 20. bxc3 Rg8 21. Kh1 Kf8 22. c4 Ng6 23. Bxg6 Rxg6 24. Rab1 Bb6 25. Rb3 Kg7 26. g3 Rg8 27. Kg2 Kh8 28. Nd2 Ba5 29. Rh1 Qf4 30. Nf1 Rf6 31. Nh2 Bb6 32. Rf3 Qd4 33. Rd1 Qh4 34. Qb2 Rgg6 35. Ng4 Qxg4 36. Rxf6 Qxd1 37. Rxf7+ Qd4 38. Qe2 Qe5 39. Qd3 Qg5 40. Qf3 Rg7 41. Rf8+ Kh7 42. Re8 Re7 43. Rd8 Rg7 44. Qf8 Qe7 45. Qf5+ Rg6 46. Rd7 Qxd7 47. Qxd7+ Rg7 48. Qf5+ Kg8 49. Qc8+ Kh7 50. Qxb7 a5 51. Qc8 Rf7 52. Qe6 Kg7 53. f4 h5 54. f5 Bd4 55. Qg6+ Kf8 56. Qh6+ Ke7 57. Qxh5 1-0

[Event "Hofheim Spring op-B 6th"]
[Site "Hofheim"]
[Date "2018.04.03"]
[Round "1"]
[White "Spreer, Lutz"]
[Black "Schwarz, Eduard"]
[Result "0-1"]
[WhiteElo "1679"]
[BlackElo "1991"]
[PlyCount "88"]
[EventDate "2018.04.03"]
[EventType "swiss"]
[EventRounds "9"]
[EventCountry "GER"]
[SourceTitle "EXT 2020"]
[Source "ChessBase"]
[SourceDate "2019.10.17"]
[SourceVersion "1"]
[SourceVersionDate "2019.10.17"]
[SourceQuality "1"]

1. e4 e5 2. Nf3 Nc6 3. Bc4 Nf6 4. d4 exd4 5. 0-0 Nxe4 6. Re1 d5 7. Bxd5 Qxd5 8. Nc3 Qh5 9. Nxe4 Be6 10. Neg5 0-0-0 11. Nxe6 fxe6 12. Rxe6 Bd6 13. h3 h6 14. Qe2 Qf5 15. Re4 g5 16. Bd2 Rhg8 17. Re1 Kb8 18. Qc4 Rgf8 19. R1e2 Qc5 20. Qe6 Qxc2 21. Bxg5 Qb1+ 22. Re1 Qxb2 23. Bxd8 Rxd8 24. R4e2 Qc3 25. Qxh6 a6 26. Rc1 Qa3 27. Qg5 Rf8 28. Rd1 d3 29. Ree1 Nb4 30. Qg6 Qxa2 31. Re8+ Rxe8 32. Qxe8+ Ka7 33. Qe3+ b6 34. Ne5 Qc2 35. Rd2 Qc1+ 36. Kh2 Qa1 37. f4 Bc5 38. Qf3 Qg1+ 39. Kg3 Qe1+ 40. Kg4 Qxd2 41. Nc6+ Nxc6 42. Qxc6 Qe2+ 43. Kh4 Bd6 44. g3 Be7+ 0-1

[Event "Hofheim Spring op-B 4th"]
[Site "Hofheim"]
[Date "2016.04.02"]
[Round "9"]
[White "Schwarz, Eduard"]
[Black "Makilla, Tobias"]
[Result "1-0"]
[WhiteElo "1989"]
[BlackElo "1954"]
[PlyCount "65"]
[EventDate "2016.03.30"]
[EventType "swiss"]
[EventRounds "9"]
[EventCountry "GER"]
[SourceTitle "EXT 2018"]
[Source "ChessBase"]
[SourceDate "2017.10.13"]
[SourceVersion "1"]
[SourceVersionDate "2017.10.13"]
[SourceQuality "1"]

1. g3 e5 2. Bg2 Nc6 3. c4 Bc5 4. Nc3 Nge7 5. e3 d6 6. Nge2 0-0 7. 0-0 f5 8. d4 Bb6 9. a3 a5 10. b3 Ng6 11. Nd5 Ba7 12. b4 Nce7 13. Qc2 c6 14. Nxe7+ Qxe7 15. bxa5 Bb8 16. Bd2 Bc7 17. dxe5 dxe5 18. Bb4 Bd6 19. Qb2 Be6 20. Rac1 f4 21. exf4 exf4 22. Nd4 c5 23. Nxe6 Rf7 24. Nxc5 f3 25. Rfe1 Be5 26. Qc2 fxg2 27. Nd3 Qg5 28. Bc3 Bd6 29. c5 Bc7 30. Qe2 Rd8 31. Rcd1 Rxd3 32. Qxd3 Rf8 33. Qd5+ 1-0

[Event "Hofheim Spring op-B 4th"]
[Site "Hofheim"]
[Date "2016.04.01"]
[Round "6"]
[White "Barisch, Florian"]
[Black "Schwarz, Eduard"]
[Result "1/2-1/2"]
[WhiteElo "1911"]
[BlackElo "1989"]
[PlyCount "104"]
[EventDate "2016.03.30"]
[EventType "swiss"]
[EventRounds "9"]
[EventCountry "GER"]
[SourceTitle "EXT 2018"]
[Source "ChessBase"]
[SourceDate "2017.10.13"]
[SourceVersion "1"]
[SourceVersionDate "2017.10.13"]
[SourceQuality "1"]

1. d4 Nf6 2. Bf4 e6 3. e3 c5 4. Nf3 Nc6 5. c3 cxd4 6. exd4 Be7 7. Bd3 0-0 8. 0-0 Nh5 9. Be3 Qc7 10. Ng5 Nf6 11. Nd2 d5 12. f4 h6 13. Nh3 Qb6 14. Rf2 Qxb2 15. Nc4 Qb5 16. Rb1 Nb4 17. Ne5 Qa5 18. cxb4 Bxb4 19. Qb3 Bd6 20. Bd2 Qd8 21. Qc2 Nd7 22. Bb4 Bxb4 23. Rxb4 f5 24. Nxd7 Qxd7 25. Qc3 b6 26. Rc2 Bb7 27. Qc7 Qxc7 28. Rxc7 Rf7 29. Rxf7 Kxf7 30. Rb2 Rc8 31. Rc2 Rxc2 32. Bxc2 Ba6 33. Nf2 Bc4 34. a4 a5 35. Nd1 b5 36. axb5 Bxb5 37. Nc3 Bc6 38. Kf2 g5 39. Kg3 Kf6 40. h4 gxf4+ 41. Kxf4 Be8 42. Bd1 Bc6 43. Ba4 Bb7 44. Bb5 e5+ 45. dxe5+ Ke7 46. Ke3 d4+ 47. Kxd4 Bxg2 48. Nd5+ Kd8 49. e6 Bxd5 50. Kxd5 Ke7 51. Ke5 f4 52. Kxf4 Kxe6 1/2-1/2

[Event "Hofheim Spring op-B 4th"]
[Site "Hofheim"]
[Date "2016.03.30"]
[Round "1"]
[White "Schwarz, Eduard"]
[Black "John, Volkmar"]
[Result "0-1"]
[WhiteElo "1989"]
[BlackElo "1757"]
[PlyCount "84"]
[EventDate "2016.03.30"]
[EventType "swiss"]
[EventRounds "9"]
[EventCountry "GER"]
[SourceTitle "EXT 2018"]
[Source "ChessBase"]
[SourceDate "2017.10.13"]
[SourceVersion "1"]
[SourceVersionDate "2017.10.13"]
[SourceQuality "1"]

1. Nf3 Nf6 2. d4 d5 3. c4 e6 4. g3 b6 5. Bg2 Bb7 6. Ne5 Be7 7. 0-0 0-0 8. Nc3 Nbd7 9. cxd5 Nxe5 10. d6 Bxg2 11. dxe7 Qxe7 12. dxe5 Bxf1 13. exf6 Qxf6 14. Qxf1 Rfd8 15. Qg2 c5 16. Be3 Qe7 17. Qe4 Rac8 18. a4 a6 19. Kg2 Qc7 20. Bf4 Qc6 21. Qxc6 Rxc6 22. Be3 h6 23. h4 e5 24. a5 b5 25. Ne4 Rd5 26. Rc1 c4 27. b4 f5 28. Nc3 Rd7 29. h5 Kf7 30. Kf3 Rcd6 31. g4 f4 32. Bc5 Rd2 33. Ne4 Rb2 34. Nc3 Ke6 35. Kg2 Rdd2 36. Kf1 Rdc2 37. Rxc2 Rxc2 38. Nd1 Rc1 39. e3 Rxd1+ 40. Ke2 Rd5 41. exf4 exf4 42. Kf3 Rxc5 0-1

[Event "Karl Mala Memorial op-A 17th"]
[Site "Frankfurt"]
[Date "2014.08.03"]
[Round "7"]
[White "Schwarz, Eduard"]
[Black "Hofmann, Oliver"]
[Result "1-0"]
[WhiteElo "1928"]
[BlackElo "1956"]
[PlyCount "71"]
[EventDate "2014.07.31"]
[EventType "swiss"]
[EventRounds "7"]
[EventCountry "GER"]
[SourceTitle "EXT 2015"]
[Source "ChessBase"]
[SourceDate "2014.11.20"]
[SourceVersion "1"]
[SourceVersionDate "2014.11.20"]
[SourceQuality "1"]

1. Nf3 f5 2. d3 Nf6 3. e4 d6 4. exf5 Bxf5 5. d4 e6 6. Bd3 Nc6 7. 0-0 Qd7 8. Bxf5 exf5 9. Re1+ Ne7 10. Ng5 h6 11. Ne6 Kf7 12. c4 c6 13. d5 cxd5 14. cxd5 Re8 15. Nc3 Nexd5 16. Nxf8 Rxe1+ 17. Qxe1 Rxf8 18. Nxd5 Nxd5 19. Qa5 Nf6 20. Qxa7 Re8 21. Be3 Re7 22. Rd1 Qe6 23. h3 Rd7 24. a4 b5 25. Qd4 bxa4 26. Qxa4 Qe4 27. b4 Qb7 28. b5 Kg6 29. Qb3 d5 30. b6 Qb8 31. Qb5 Rb7 32. Qc6 Kh7 33. Ra1 Nd7 34. Ra7 Rxb6 35. Bxb6 Nxb6 36. Rb7 1-0

[Event "Hofheim Spring op-B 2nd"]
[Site "Hofheim"]
[Date "2014.04.25"]
[Round "6"]
[White "Schwarz, Eduard"]
[Black "Hipler, Andreas"]
[Result "1-0"]
[WhiteElo "1941"]
[BlackElo "1873"]
[PlyCount "83"]
[EventDate "2014.04.22"]
[EventType "swiss"]
[EventRounds "9"]
[EventCountry "GER"]
[SourceTitle "CBM 160 Extra"]
[Source "ChessBase"]
[SourceDate "2014.07.01"]
[SourceVersion "1"]
[SourceVersionDate "2014.07.01"]
[SourceQuality "1"]

1. d4 Nf6 2. c4 e6 3. Nf3 Bb4+ 4. Bd2 c5 5. Bxb4 cxb4 6. g3 0-0 7. Bg2 d6 8. 0-0 Nc6 9. Nbd2 e5 10. e3 Bg4 11. Qa4 Nd7 12. Rac1 Qf6 13. h3 Bh5 14. Ne4 Qe7 15. c5 dxc5 16. Nxc5 e4 17. Nxd7 Qxd7 18. Nd2 f5 19. Nb3 Rfc8 20. Nc5 Qf7 21. Rc2 a5 22. Rfc1 b6 23. Nxe4 fxe4 24. Rxc6 Rxc6 25. Qxc6 Rf8 26. Qc4 Qxc4 27. Rxc4 Bf3 28. Bxf3 Rxf3 29. Rc6 Rf6 30. Rxf6 gxf6 31. g4 Kf7 32. Kg2 f5 33. Kg3 Ke6 34. b3 fxg4 35. hxg4 b5 36. Kf4 Kd5 37. f3 exf3 38. Kxf3 a4 39. g5 axb3 40. axb3 Kd6 41. e4 Ke6 42. Kf4 1-0

[Event "Hofheim Spring op-B 2nd"]
[Site "Hofheim"]
[Date "2014.04.25"]
[Round "7"]
[White "Schwarz, Eduard"]
[Black "Nixdorf, Andre"]
[Result "1/2-1/2"]
[WhiteElo "1941"]
[BlackElo "1978"]
[PlyCount "116"]
[EventDate "2014.04.22"]
[EventType "swiss"]
[EventRounds "9"]
[EventCountry "GER"]
[SourceTitle "CBM 160 Extra"]
[Source "ChessBase"]
[SourceDate "2014.07.01"]
[SourceVersion "1"]
[SourceVersionDate "2014.07.01"]
[SourceQuality "1"]

1. d4 d5 2. c4 c6 3. Nf3 Nf6 4. g3 Bf5 5. Bg2 e6 6. 0-0 Be7 7. Nc3 h6 8. b3 0-0 9. Bb2 Nbd7 10. Nd2 Qb6 11. e4 dxe4 12. Ncxe4 Nxe4 13. Nxe4 Nf6 14. Nd2 Rfd8 15. Qe2 Rac8 16. Rac1 a5 17. Rfe1 Qa6 18. a3 b5 19. cxb5 Qxb5 20. Bf1 Qxe2 21. Bxe2 c5 22. Nf3 Be4 23. dxc5 Rxc5 24. Rxc5 Bxc5 25. Ne5 Bd5 26. Rc1 Be7 27. Nc4 Bxc4 28. Bxc4 Kf8 29. a4 Ne4 30. Ba6 Bb4 31. Kg2 Rd2 32. Rc8+ Ke7 33. Bxg7 Rxf2+ 34. Kg1 Rd2 35. Bf8+ Kd7 36. Bxb4 axb4 37. Rc4 Ng5 38. Bb7 Nh3+ 39. Kf1 Rxh2 40. Rh4 Rf2+ 41. Ke1 Rb2 42. Rxb4 Nf2 43. Ba6 f5 44. Rd4+ Kc6 45. Bc4 e5 46. Rd5 Ng4 47. Rd2 Rxd2 48. Kxd2 f4 49. gxf4 exf4 50. Kd3 f3 51. Be6 h5 52. b4 Kb6 53. Bd5 Ne5+ 54. Ke3 f2 55. Bg2 Nc4+ 56. Kxf2 Nb2 57. a5+ Kb5 58. Ke3 Nc4+ 1/2-1/2

[Event "Dortmund Sparkassen op-B"]
[Site "Dortmund"]
[Date "2012.07.19"]
[Round "6"]
[White "Stukemeier, Ralf"]
[Black "Schwarz, Eduard"]
[Result "1-0"]
[WhiteElo "1786"]
[BlackElo "1854"]
[PlyCount "99"]
[EventDate "2012.07.14"]
[EventType "swiss"]
[EventRounds "9"]
[EventCountry "GER"]
[SourceTitle "EXT 2014"]
[Source "ChessBase"]
[SourceDate "2013.11.20"]
[SourceVersion "1"]
[SourceVersionDate "2013.11.20"]
[SourceQuality "1"]

1. e4 e5 2. Nf3 Nc6 3. Bc4 Bc5 4. 0-0 Nf6 5. d3 d6 6. c3 Bg4 7. h3 Bh5 8. Re1 Qd7 9. a4 a6 10. Nbd2 0-0 11. Qe2 Ne7 12. Nf1 Ng6 13. Ng3 Bxf3 14. Qxf3 Nh4 15. Qe2 h6 16. Nh5 Nh7 17. Ng3 Kh8 18. Qh5 Qe7 19. b4 Bb6 20. Qg4 f5 21. Nxf5 Nxf5 22. exf5 Qf6 23. Be3 Bxe3 24. fxe3 Qxf5 25. Qxf5 Rxf5 26. e4 Rf4 27. b5 a5 28. Bd5 Rb8 29. Rf1 Rxf1+ 30. Kxf1 Nf6 31. Ke2 Nxd5 32. exd5 b6 33. Rf1 Kg8 34. Ke3 Rf8 35. Rxf8+ Kxf8 36. Ke4 Kf7 37. g4 Kf6 38. h4 Kg6 39. Kf3 h5 40. gxh5+ Kf5 41. Kg3 e4 42. dxe4+ Kxe4 43. Kg4 Kxd5 44. Kg5 c6 45. c4+ Ke6 46. bxc6 d5 47. cxd5+ Kd6 48. Kg6 b5 49. axb5 a4 50. b6 1-0

[Event "Dortmund Sparkassen op-B"]
[Site "Dortmund"]
[Date "2012.07.17"]
[Round "4"]
[White "Wiedemann, Jan"]
[Black "Schwarz, Eduard"]
[Result "0-1"]
[WhiteElo "1609"]
[BlackElo "1854"]
[PlyCount "116"]
[EventDate "2012.07.14"]
[EventType "swiss"]
[EventRounds "9"]
[EventCountry "GER"]
[SourceTitle "EXT 2014"]
[Source "ChessBase"]
[SourceDate "2013.11.20"]
[SourceVersion "1"]
[SourceVersionDate "2013.11.20"]
[SourceQuality "1"]

1. d4 d5 2. Nf3 Nf6 3. h3 e6 4. Bf4 Bd6 5. Bxd6 Qxd6 6. c3 0-0 7. e3 c5 8. Bd3 Nc6 9. 0-0 Bd7 10. Nbd2 e5 11. dxe5 Nxe5 12. Nxe5 Qxe5 13. Nf3 Qh5 14. Nh2 Qh6 15. Qc2 Rfe8 16. Bf5 Bb5 17. Bd3 Bc6 18. Be2 Ne4 19. Bf3 f5 20. Rad1 Rad8 21. Rfe1 Qh4 22. Bxe4 Qxe4 23. Qxe4 dxe4 24. Nf1 Kf7 25. Ng3 g6 26. Ne2 Ke6 27. a3 Ba4 28. b3 Rxd1 29. Rxd1 Bxb3 30. Rb1 c4 31. Nd4+ Kd5 32. Nxb3 cxb3 33. Rxb3 b6 34. Rb1 Kc4 35. a4 Rd8 36. g4 Rd5 37. Kg2 b5 38. axb5 Rxb5 39. Ra1 a5 40. Ra3 Rc5 41. gxf5 gxf5 42. f3 exf3+ 43. Kxf3 Kd3 44. Kf4 Kc2 45. c4 Kb2 46. Rd3 a4 47. Rd5 Rxc4+ 48. Kxf5 a3 49. Rb5+ Kc3 50. Ra5 Kb3 51. Rb5+ Rb4 52. Ra5 Ra4 53. Rb5+ Kc2 54. Rc5+ Kd2 55. e4 a2 56. Rd5+ Ke1 57. e5 a1Q 58. e6 Qb1+ 0-1

[Event "Dortmund Sparkassen op-B"]
[Site "Dortmund"]
[Date "2012.07.16"]
[Round "3"]
[White "Schwarz, Eduard"]
[Black "Bakshi, Raj"]
[Result "1-0"]
[WhiteElo "1854"]
[BlackElo "1589"]
[PlyCount "71"]
[EventDate "2012.07.14"]
[EventType "swiss"]
[EventRounds "9"]
[EventCountry "GER"]
[SourceTitle "EXT 2014"]
[Source "ChessBase"]
[SourceDate "2013.11.20"]
[SourceVersion "1"]
[SourceVersionDate "2013.11.20"]
[SourceQuality "1"]

1. d4 Nf6 2. c4 c5 3. d5 b5 4. cxb5 a6 5. bxa6 Bxa6 6. Nf3 g6 7. g3 Bg7 8. Bg2 d6 9. 0-0 0-0 10. Re1 Qc7 11. Nc3 Nbd7 12. e4 c4 13. Be3 Rfb8 14. Rb1 Ng4 15. Bd4 Bxd4 16. Qxd4 Nc5 17. e5 Nxe5 18. Nxe5 dxe5 19. Rxe5 Ra7 20. Rbe1 Qd6 21. Ne4 Nxe4 22. Qxa7 Qxe5 23. Qxa6 f5 24. Qxc4 Qd6 25. Bxe4 fxe4 26. b3 Rb4 27. Qc6 Qd8 28. Qe6+ Kg7 29. Rc1 Rb6 30. Qxe4 Rf6 31. Rc6 Rf5 32. Qd4+ Kh6 33. d6 e5 34. Qd2+ g5 35. d7+ Kg7 36. Rc8 1-0

[Event "Karl Mala Memorial op 15th"]
[Site "Frankfurt"]
[Date "2012.07.08"]
[Round "7"]
[White "Muckle, Julius"]
[Black "Schwarz, Eduard"]
[Result "1-0"]
[WhiteElo "1725"]
[BlackElo "1961"]
[PlyCount "107"]
[EventDate "2012.07.05"]
[EventType "swiss"]
[EventRounds "7"]
[EventCountry "GER"]
[SourceTitle "CBM 149 Extra"]
[Source "ChessBase"]
[SourceDate "2012.08.24"]
[SourceVersion "1"]
[SourceVersionDate "2012.08.24"]
[SourceQuality "1"]

1. d4 d5 2. c4 c6 3. Nc3 Nf6 4. Nf3 a6 5. e3 Bf5 6. Qb3 Ra7 7. a4 e6 8. c5 Be7 9. a5 Nbd7 10. Qd1 0-0 11. b4 e5 12. dxe5 Ne4 13. Nxe4 Bxe4 14. Bb2 Qc7 15. Nd2 Nxe5 16. Nxe4 dxe4 17. Qc2 Bf6 18. Rd1 Nd7 19. Bxf6 Nxf6 20. h3 Raa8 21. Bc4 Rad8 22. 0-0 Rxd1 23. Rxd1 Rd8 24. Rd2 Rxd2 25. Qxd2 Qd7 26. Qxd7 Nxd7 27. f3 Ne5 28. Be2 f5 29. f4 Nd7 30. g4 g6 31. gxf5 gxf5 32. Bc4+ Kg7 33. Be6 Nf6 34. Bxf5 Nd5 35. Bc8 Kf6 36. Bxb7 Nxb4 37. Kf2 Ke7 38. Kg3 Kd8 39. f5 Ke7 40. Kg4 Kf6 41. h4 h6 42. Kh5 Kxf5 43. Kxh6 Kf6 44. h5 Nd5 45. Bxc6 Nxe3 46. Bxe4 Ng4+ 47. Kh7 Ke5 48. Kg7 Kxe4 49. c6 Ne3 50. c7 Nf5+ 51. Kg6 Ke5 52. h6 Ne7+ 53. Kf7 Nf5 54. h7 1-0

[Event "Karl Mala Memorial op 15th"]
[Site "Frankfurt"]
[Date "2012.07.06"]
[Round "2"]
[White "Nabavi, Parwis"]
[Black "Schwarz, Eduard"]
[Result "1-0"]
[WhiteElo "2164"]
[BlackElo "1961"]
[PlyCount "93"]
[EventDate "2012.07.05"]
[EventType "swiss"]
[EventRounds "7"]
[EventCountry "GER"]
[SourceTitle "CBM 149 Extra"]
[Source "ChessBase"]
[SourceDate "2012.08.24"]
[SourceVersion "1"]
[SourceVersionDate "2012.08.24"]
[SourceQuality "1"]

1. d4 d5 2. c4 c6 3. Nf3 Nf6 4. Nc3 e6 5. Bg5 Nbd7 6. cxd5 exd5 7. e3 Be7 8. Qc2 0-0 9. Bd3 Re8 10. h3 Ne4 11. Bxe4 dxe4 12. Nxe4 Qa5+ 13. Kf1 Bf8 14. g4 Qd5 15. Ned2 Bb4 16. Kg2 Bxd2 17. Qxd2 Nf8 18. Bf4 h5 19. Kg3 Ng6 20. Rhe1 hxg4 21. hxg4 Qe6 22. Nh2 Qf6 23. Kg2 Nxf4+ 24. exf4 Be6 25. Kg3 Rad8 26. Nf3 Bxg4 27. Kxg4 Qg6+ 28. Kh3 Qf5+ 29. Kg3 Qg6+ 30. Kh4 Qh6+ 31. Kg4 Qg6+ 32. Ng5 f6 33. Rxe8+ Rxe8 34. Re1 Rxe1 35. Qxe1 fxg5 36. fxg5 Qf7 37. Qe3 g6 38. Qb3 Qxb3 39. axb3 Kf7 40. b4 a6 41. Kf4 Ke6 42. Ke4 Kd6 43. f3 Ke6 44. f4 b6 45. b3 a5 46. bxa5 bxa5 47. f5+ 1-0

[Event "Eschborn op 09th"]
[Site "Eschborn"]
[Date "2012.06.03"]
[Round "5"]
[White "Schwarz, Eduard"]
[Black "Wilke, Tabea"]
[Result "1-0"]
[WhiteElo "1971"]
[BlackElo "1290"]
[PlyCount "55"]
[EventDate "2012.06.01"]
[EventType "swiss"]
[EventRounds "5"]
[EventCountry "GER"]
[SourceTitle "EXT 2014"]
[Source "ChessBase"]
[SourceDate "2013.11.20"]
[SourceVersion "1"]
[SourceVersionDate "2013.11.20"]
[SourceQuality "1"]

1. d4 d5 2. c4 e6 3. Nf3 Nf6 4. Nc3 c6 5. Bg5 Nbd7 6. e3 Bb4 7. Bd3 Qa5 8. 0-0 Bxc3 9. bxc3 Qxc3 10. c5 Qa5 11. Bf4 0-0 12. Bd6 Re8 13. Ne5 Nxe5 14. dxe5 Ne4 15. Bxe4 dxe4 16. Qd4 b6 17. Qxe4 Bb7 18. f4 bxc5 19. f5 Qb4 20. Qf3 Qc4 21. e4 exf5 22. exf5 Qd4+ 23. Kh1 f6 24. Qb3+ Qd5 25. Qxb7 fxe5 26. Rad1 Qxa2 27. Bxe5 Rxe5 28. Qxa8+ 1-0

[Event "Solingen Karneval op"]
[Site "Solingen"]
[Date "2012.02.19"]
[Round "5"]
[White "Westendorp, Christian"]
[Black "Schwarz, Eduard"]
[Result "1-0"]
[WhiteElo "1784"]
[BlackElo "2002"]
[PlyCount "49"]
[EventDate "2012.02.17"]
[EventType "swiss"]
[EventRounds "5"]
[EventCountry "GER"]
[SourceTitle "EXT 2015"]
[Source "ChessBase"]
[SourceDate "2014.11.20"]
[SourceVersion "1"]
[SourceVersionDate "2014.11.20"]
[SourceQuality "1"]

1. d4 Nf6 2. c4 e6 3. Nc3 Bb4 4. f3 c5 5. Bg5 cxd4 6. Qxd4 Nc6 7. Qh4 Be7 8. 0-0-0 0-0 9. e4 d5 10. exd5 exd5 11. cxd5 Nxd5 12. Rxd5 Qb6 13. Rb5 Bxg5+ 14. Qxg5 Qf2 15. Bd3 a6 16. Nh3 Qd4 17. Rd5 Qb6 18. Qh4 Qe3+ 19. Kb1 g6 20. Re1 Qb6 21. Ng5 h5 22. Nh7 Nb4 23. Nxf8 Nxd3 24. Rxd3 Bf5 25. Ne4 1-0